[Event "Brasilia FBX op"]
[Site "Brasilia"]
[Date "2015.02.28"]
[Round "3"]
[White "Felix, Luiza de Oliveira"]
[Black "Sampaio Filho, Joao Rodrigues"]
[Result "0-1"]
[WhiteElo "1468"]
[BlackElo "1744"]
[PlyCount "32"]
[EventDate "2015.02.27"]
[EventType "swiss"]
[EventRounds "5"]
[EventCountry "BRA"]
[SourceTitle "CBM 165 Extra"]
[Source "ChessBase"]
[SourceDate "2015.04.21"]
[SourceVersion "1"]
[SourceVersionDate "2015.04.21"]
[SourceQuality "1"]

1. e4 d6 2. d4 Nf6 3. f3 g6 4. Bf4 Bg7 5. Nc3 c6 6. Qd2 0-0 7. 0-0-0 Qa5 8. Bc4 b5 9. Bb3 Na6 10. g4 c5 11. dxc5 Nxc5 12. Nd5 Nxb3+ 13. cxb3 Qxa2 14. Nxe7+ Kh8 15. Bxd6 Be6 16. e5 Rac8+ 0-1

[Event "Cuiaba Contaud op"]
[Site "Cuiaba"]
[Date "2014.05.03"]
[Round "5"]
[White "Sampaio Filho, Joao Rodrigues"]
[Black "Borges, Antonio Leonardo R"]
[Result "1-0"]
[WhiteElo "1761"]
[BlackElo "1820"]
[PlyCount "57"]
[EventDate "2014.05.01"]
[EventType "swiss"]
[EventRounds "6"]
[EventCountry "BRA"]
[SourceTitle "CBM 160 Extra"]
[Source "ChessBase"]
[SourceDate "2014.07.01"]
[SourceVersion "1"]
[SourceVersionDate "2014.07.01"]
[SourceQuality "1"]

1. e4 e5 2. Nf3 Nc6 3. Bc4 Bc5 4. c3 Nf6 5. d4 exd4 6. cxd4 Bb4+ 7. Bd2 Bxd2+ 8. Nbxd2 d5 9. exd5 Nxd5 10. Qb3 Na5 11. Qa4+ c6 12. Bxd5 Qxd5 13. Rc1 Qb5 14. Qa3 b6 15. b4 Nb7 16. Qe3+ Be6 17. Qe2 Qxe2+ 18. Kxe2 Rc8 19. Ne5 c5 20. dxc5 bxc5 21. b5 0-0 22. a4 Bb3 23. Nc6 Bxa4 24. Nxa7 Rcd8 25. Nf3 Rd5 26. g3 Nd6 27. Rb1 Nxb5 28. Rxb5 Bxb5+ 29. Nxb5 1-0

[Event "Brasilia Viva Caissa op"]
[Site "Brasilia"]
[Date "2013.05.26"]
[Round "4"]
[White "Sampaio Filho, Joao Rodrigues"]
[Black "Leao, Adriano Santos"]
[Result "0-1"]
[WhiteElo "1789"]
[BlackElo "1815"]
[PlyCount "92"]
[EventDate "2013.05.24"]
[EventType "swiss"]
[EventRounds "5"]
[EventCountry "BRA"]
[SourceTitle "CBM 154 Extra"]
[Source "ChessBase"]
[SourceDate "2013.06.25"]
[SourceVersion "2"]
[SourceVersionDate "2013.06.25"]
[SourceQuality "1"]

1. e4 e6 2. d4 d5 3. e5 c5 4. dxc5 Bxc5 5. Qg4 g6 6. Nf3 h5 7. Qh4 Qxh4 8. Nxh4 Nc6 9. Nf3 Nge7 10. c3 a6 11. b4 Bb6 12. Na3 Bd7 13. Nc2 Rc8 14. Bd3 Na7 15. Bd2 Bb5 16. Rd1 Ba4 17. Rc1 Nb5 18. Ncd4 Nxd4 19. Nxd4 Nc6 20. Nxc6 Bxc6 21. 0-0 0-0 22. c4 dxc4 23. Bxc4 Ba4 24. Be2 Rfd8 25. Rxc8 Rxc8 26. Rc1 Rxc1+ 27. Bxc1 Bd4 28. Bf3 Bc6 29. Bxc6 bxc6 30. Bf4 Bc3 31. a3 Bb2 32. h4 Bxa3 33. Bd2 Kf8 34. f4 Bb2 35. Kf2 f6 36. exf6 Bxf6 37. g3 Ke7 38. Kf3 Kd6 39. Ke4 c5 40. bxc5+ Kxc5 41. Be3+ Kc4 42. Bb6 Kb5 43. Bc7 a5 44. Kd3 Kb4 45. Kc2 a4 46. Bd6+ Kc4 0-1

[Event "Brasilia Nascimento op"]
[Site "Brasilia"]
[Date "2013.04.21"]
[Round "4"]
[White "Arruda Filho, Ivo Pereira de"]
[Black "Sampaio Filho, Joao Rodrigues"]
[Result "1/2-1/2"]
[WhiteElo "1795"]
[BlackElo "1789"]
[PlyCount "74"]
[EventDate "2013.04.19"]
[EventType "swiss"]
[EventRounds "5"]
[EventCountry "BRA"]
[SourceTitle "EXT 2015"]
[Source "ChessBase"]
[SourceDate "2014.11.20"]
[SourceVersion "1"]
[SourceVersionDate "2014.11.20"]
[SourceQuality "1"]

1. Nf3 f5 2. b3 Nf6 3. Bb2 e6 4. g3 d5 5. Bg2 Bd6 6. 0-0 0-0 7. d3 c5 8. Nbd2 Nc6 9. Re1 f4 10. e4 fxe3 11. Rxe3 Qe8 12. Ne5 d4 13. Bxc6 bxc6 14. Re1 Bb7 15. Ndc4 Bc7 16. Qe2 Rd8 17. a4 Nd5 18. Ba3 Nb4 19. Rac1 Na2 20. Ra1 Nc3 21. Qg4 Rd5 22. Bb2 Rf5 23. f4 g6 24. Bxc3 dxc3 25. Ne3 Bxe5 26. Nxd5 Bd4+ 27. Ne3 c4 28. bxc4 c5 29. Kf2 e5 30. Kf1 Bc8 31. Nxf5 Bxf5 32. Qf3 Bh3+ 33. Ke2 Qc8 34. Qd5+ Be6 35. Qe4 Bg4+ 36. Kf1 Bh3+ 37. Ke2 Bg4+ 1/2-1/2

[Event "BRA-ch Amateur"]
[Site "Sao Paulo"]
[Date "2013.02.10"]
[Round "3"]
[White "Fier, Luciano dos Santos"]
[Black "Sampaio Filho, Joao Rodrigues"]
[Result "0-1"]
[WhiteElo "1992"]
[BlackElo "1769"]
[PlyCount "76"]
[EventDate "2013.02.09"]
[EventType "swiss"]
[EventRounds "7"]
[EventCountry "BRA"]
[SourceTitle "CBM 152 Extra"]
[Source "ChessBase"]
[SourceDate "2013.02.25"]
[SourceVersion "1"]
[SourceVersionDate "2013.02.25"]
[SourceQuality "1"]

1. e4 c5 2. c3 Nf6 3. e5 Nd5 4. Nf3 Nc6 5. Bc4 Nb6 6. Bb3 c4 7. Bc2 Qc7 8. Qe2 g5 9. Nxg5 Qxe5 10. d4 cxd3 11. Bxd3 Qxe2+ 12. Kxe2 h5 13. Na3 a6 14. Re1 Ne5 15. Bc2 e6 16. f4 Nc6 17. Nb1 d5 18. Nd2 Be7 19. Ngf3 Bd7 20. a4 0-0-0 21. a5 Nc4 22. Nxc4 dxc4 23. Nd2 e5 24. Nxc4 Bg4+ 25. Kf1 f6 26. Be3 Kb8 27. Nb6 Bd6 28. f5 h4 29. h3 Bh5 30. Be4 Ne7 31. b4 Bc7 32. c4 Bf7 33. Rec1 Bxb6 34. axb6 Nc6 35. b5 axb5 36. cxb5 Nd4 37. Rc7 Bd5 38. Ra7 Bxe4 0-1

[Event "Brasilia Oeste op"]
[Site "Brasilia"]
[Date "2012.10.13"]
[Round "5"]
[White "Juliani, Sidney"]
[Black "Sampaio Filho, Joao Rodrigues"]
[Result "0-1"]
[WhiteElo "1869"]
[BlackElo "1770"]
[PlyCount "90"]
[EventDate "2012.10.11"]
[EventType "swiss"]
[EventRounds "7"]
[EventCountry "BRA"]
[SourceTitle "EXT 2013"]
[Source "ChessBase"]
[SourceDate "2012.11.22"]
[SourceVersion "1"]
[SourceVersionDate "2012.11.22"]
[SourceQuality "1"]

1. e4 c5 2. Nc3 Nc6 3. g3 g6 4. Bg2 Bg7 5. d3 d6 6. f4 Nf6 7. h3 a6 8. Nf3 e5 9. fxe5 dxe5 10. 0-0 Rb8 11. Be3 Qe7 12. Qd2 0-0 13. Bg5 Qd6 14. Bh6 b5 15. Ne2 Be6 16. Rf2 Rbd8 17. Qg5 Nd7 18. Kh2 f6 19. Qe3 Qe7 20. Bxg7 Qxg7 21. h4 Nd4 22. Neg1 Bg4 23. Bh3 Bxh3 24. Nxh3 h6 25. g4 Kh7 26. c3 Ne6 27. Rd1 Nb6 28. b3 Nc8 29. Rdf1 g5 30. hxg5 fxg5 31. Kg3 Kg8 32. Rd1 c4 33. bxc4 bxc4 34. d4 exd4 35. cxd4 Nf4 36. Qc3 Nd6 37. Qe3 Qf7 38. Nhxg5 hxg5 39. Nxg5 Qg7 40. Rxf4 Rxf4 41. Qxf4 Qg6 42. Rf1 c3 43. e5 Nc4 44. d5 Nd2 45. Rf2 Rc8 0-1

[Event "Brasilia Oeste op"]
[Site "Brasilia"]
[Date "2012.10.11"]
[Round "1"]
[White "De Paula, Rafael Figueiredo"]
[Black "Sampaio Filho, Joao Rodrigues"]
[Result "1-0"]
[WhiteElo "2107"]
[BlackElo "1770"]
[PlyCount "37"]
[EventDate "2012.10.11"]
[EventType "swiss"]
[EventRounds "7"]
[EventCountry "BRA"]
[SourceTitle "EXT 2013"]
[Source "ChessBase"]
[SourceDate "2012.11.22"]
[SourceVersion "1"]
[SourceVersionDate "2012.11.22"]
[SourceQuality "1"]

1. e4 c5 2. d4 cxd4 3. c3 dxc3 4. Nxc3 Nc6 5. Nf3 d6 6. Bc4 Nf6 7. e5 dxe5 8. Qxd8+ Kxd8 9. Ng5 Nd4 10. Nxf7+ Ke8 11. 0-0 Rg8 12. Nxe5 Be6 13. Bd3 Bf5 14. Rd1 a6 15. Bc4 Ne6 16. f3 b5 17. Nxb5 Rd8 18. Nc7+ Nxc7 19. Bf7# 1-0

[Event "Fortaleza Brazil op 2nd"]
[Site "Fortaleza"]
[Date "2012.04.07"]
[Round "5"]
[White "Lima Neto, Pedro"]
[Black "Sampaio Filho, Joao Rodrigues"]
[Result "1-0"]
[WhiteElo "2058"]
[BlackElo "1785"]
[PlyCount "61"]
[EventDate "2012.04.05"]
[EventType "swiss"]
[EventRounds "7"]
[EventCountry "BRA"]
[SourceTitle "CBM 147 Extra"]
[Source "ChessBase"]
[SourceDate "2012.04.24"]
[SourceVersion "1"]
[SourceVersionDate "2012.04.24"]
[SourceQuality "1"]

1. d4 f5 2. Nf3 Nf6 3. g3 e6 4. Bg2 d5 5. 0-0 c6 6. c4 Bd6 7. Nc3 Nbd7 8. Qc2 Ne4 9. Rb1 0-0 10. b4 b6 11. cxd5 exd5 12. e3 Ba6 13. Rd1 Qe8 14. a4 Bc4 15. Nd2 Nxd2 16. Bxd2 Nf6 17. b5 c5 18. dxc5 Bxc5 19. Bc1 Rd8 20. Ne2 Ng4 21. Nd4 Bxd4 22. Rxd4 Qh5 23. h3 Ne5 24. Ba3 Rf7 25. Rxd5 Rfd7 26. Rxe5 Bd3 27. Qb3+ Kh8 28. Rc1 Be4 29. Bxe4 Rd1+ 30. Rxd1 Rxd1+ 31. Kg2 1-0

[Event "BRA-ch Amateur"]
[Site "Brasilia"]
[Date "2011.04.25"]
[Round "6.1"]
[White "Sampaio Filho, Joao Rodrigues"]
[Black "Barbosa, Edinardo Meireles"]
[Result "1-0"]
[WhiteElo "1795"]
[BlackElo "1815"]
[PlyCount "65"]
[EventDate "2011.04.25"]
[EventType "tourn"]
[EventRounds "9"]
[EventCountry "BRA"]
[SourceTitle "EXT 2022"]
[Source "ChessBase"]
[SourceDate "2021.10.06"]
[SourceVersion "1"]
[SourceVersionDate "2021.10.06"]
[SourceQuality "1"]

1. e4 e6 2. d4 d5 3. e5 c5 4. dxc5 Nd7 5. Nf3 Bxc5 6. Bd3 Ne7 7. 0-0 Ng6 8. Qe2 0-0 9. Nc3 a6 10. Ng5 Ndxe5 11. Qh5 h6 12. Na4 Nxd3 13. cxd3 Bd6 14. Nh3 Qh4 15. Qxh4 Nxh4 16. Be3 Bd7 17. Nb6 Rad8 18. Nxd7 Rxd7 19. Rac1 Rc7 20. Rxc7 Bxc7 21. Rc1 Bd6 22. Nf4 d4 23. Bd2 Nf5 24. Nh5 Ne7 25. Rc4 Nc6 26. f4 f6 27. Ng3 g5 28. Nh5 e5 29. fxg5 hxg5 30. Ng3 Ne7 31. Ne4 Bb8 32. Bb4 Re8 33. Nxf6+ 1-0